LEADER 01077nam0-2200349---450- 001 990009341340403321 005 20110421101313.0 010 $a978-88-343-1718-1 035 $a000934134 035 $aFED01000934134 035 $a(Aleph)000934134FED01 035 $a000934134 100 $a20110412d2009----km-y0itay50------ba 101 0 $aita 102 $aIT 105 $a--------001yy 200 1 $aQuel che resta della conciliazione$elavoro, famiglia, vita privata tra resistenze di genere e culture organizzative$fEgidio Riva 210 $aMilano$cVita e pensiero$d2009 215 $a187 p.$d22 cm 225 1 $aSociologia$iStrumenti 327 1 $aContiene bibl. (pp. 177-187) 610 0 $aLavoro$aItalia$aAspetti sociali 610 0 $aLavoratori$aItalia$aQualità della vita 676 $a306.36$v22$zita 700 1$aRiva,$bEgidio$0510731 801 0$aIT$bUNINA$gRICA$2UNIMARC 901 $aBK 912 $a990009341340403321 952 $a303.36 RIV 1$b5089$fBFS 959 $aBFS 996 $aQuel che resta della conciliazione$9767040 997 $aUNINA LEADER 01239nam a2200289 i 4500 001 991001242129707536 005 20020502185608.0 008 990906s1997 it ||| | ita 020 $a8881144956 035 $ab11484172-39ule_inst 035 $aPRUMB57386$9ExL 040 $aDUSS - Diploma Universitario in Servizio Sociale$bita 082 0 $a345.4502523 100 1 $aSclafani, Francesco$0230637 245 10$aIstigazione o aiuto al suicidio :$bprofili giuridici, criminologici, psicopatologici /$cFrancesco Sclafani, Ottaviano Giraud, Giuliano Balbi 260 $aNapoli [etc.] :$bEdizioni scientifiche italiane,$c1997 300 $a106 p. ;$c24 cm. 490 0 $aProfili giuridici, criminologici, psicopatologici 650 4$aIstigazione al suicidio$xAspetti giuridici 700 1 $aGiraud, Ottavio 700 1 $aBalbi, Giuliano$eauthor$4http://id.loc.gov/vocabulary/relators/aut$0236599 907 $a.b11484172$b01-03-17$c01-07-02 912 $a991001242129707536 945 $aLE024 DIR PEN IX 15$g1$i2024000017101$lle021$nex DUSS$o-$pE0.00$q-$rl$s- $t0$u2$v2$w2$x0$y.i11675317$z01-07-02 996 $aIstigazione o aiuto al suicidio$91451522 997 $aUNISALENTO 998 $ale021$b01-01-99$cm$da $e-$fita$git $h0$i1